| Tag |
First Indicator |
Second Indicator |
Subfields |
| LEADER |
00000cam a2200000 a 4500 |
| 001 |
in00000748513 |
| 005 |
20151016155543.0 |
| 007 |
hd afa014baca |
| 008 |
830812s1899 ctu a 00011 eng d |
| 035 |
|
|
|a (OCoLC)09805044
|
| 035 |
|
|
|9 ADH9329AM
|
| 040 |
|
|
|a GUA
|c LWS
|d UtOrBLW
|
| 049 |
|
|
|a TXAI
|
| 090 |
|
|
|a PS15
|
| 099 |
|
|
|a film
|a B
|a 1551
|
| 100 |
1 |
|
|a Barron, Elwyn Alfred,
|d 1855-
|
| 245 |
1 |
0 |
|a Manders :
|b a tale of Paris /
|c by Elwyn Barron ; illustrated by T. Spicer Simson.
|
| 264 |
|
1 |
|a Boston :
|b L.C. Page,
|c 1899.
|
| 300 |
|
|
|a 328 pages
|
| 336 |
|
|
|a text
|b txt
|2 rdacontent
|
| 337 |
|
|
|a microform
|b h
|2 rdamedia
|
| 338 |
|
|
|a microfilm reel
|b hd
|2 rdacarrier
|
| 533 |
|
|
|a Microfilm.
|b Woodbridge, Conn. :
|c Research Publications,
|d 1970-1978.
|e 1 microfilm reel ; 35 mm.
|f (Wright American fiction ; v.3 (1876-1900), reel B-22, no. 354)
|
| 500 |
|
|
|a Microform.
|
| 999 |
|
|
|a MARS
|
| 999 |
f |
f |
|s 3e5fcbcc-8b04-3d08-a409-61290c898b3f
|i 178ce3a4-30d6-321d-8a63-3ff88bcb8be5
|t 0
|
| 952 |
f |
f |
|p default
|a Texas A&M University
|b College Station
|c Sterling C. Evans Library
|d Evans: Microforms (3rd floor)
|t 0
|e film B 1551 v.3 reel B-22 no.354
|h Other scheme
|i microform -- microfilm reel
|
| 998 |
f |
f |
|a film B 1551 v.3 reel B-22 no.354
|t 0
|l Evans: Microforms (3rd floor)
|